<?xml version="1.0" encoding="UTF-8"?>
<record
    xmlns:xsi="http://www.w3.org/2001/XMLSchema-instance"
    xsi:schemaLocation="http://www.loc.gov/MARC21/slim http://www.loc.gov/standards/marcxml/schema/MARC21slim.xsd"
    xmlns="http://www.loc.gov/MARC21/slim">

  <leader>00765nam a2200205 a 4500</leader>
  <controlfield tag="001">78659</controlfield>
  <controlfield tag="003">BD-RjUL</controlfield>
  <controlfield tag="005">20211209083146.0</controlfield>
  <controlfield tag="008">211027s20051426ua ||||| |||| 00| e ara d</controlfield>
  <datafield tag="035" ind1=" " ind2=" ">
    <subfield code="a">(BD-RjUL)78885</subfield>
  </datafield>
  <datafield tag="040" ind1=" " ind2=" ">
    <subfield code="a">BD-RjUL</subfield>
    <subfield code="b">eng</subfield>
    <subfield code="c">BD-RjUL</subfield>
  </datafield>
  <datafield tag="041" ind1=" " ind2=" ">
    <subfield code="a">ara</subfield>
  </datafield>
  <datafield tag="082" ind1=" " ind2=" ">
    <subfield code="2">23</subfield>
    <subfield code="a">892.71</subfield>
    <subfield code="b">KHM 2005</subfield>
  </datafield>
  <datafield tag="100" ind1="1" ind2=" ">
    <subfield code="a">&#x62E;&#x644;&#x64A;&#x641;&#x629;, &#x623;&#x62D;&#x645;&#x62F; &#x64A;&#x648;&#x633;&#x641; ;; Khalifa, Ahmad Yusuf </subfield>
    <subfield code="9">249415</subfield>
  </datafield>
  <datafield tag="245" ind1="1" ind2="0">
    <subfield code="a">&#x645;&#x635;&#x627;&#x62F;&#x631; &#x627;&#x644;&#x623;&#x62F;&#x628; &#x648; &#x627;&#x644;&#x646;&#x642;&#x62F; &#x639;&#x631;&#x636; &#x648; &#x62A;&#x62D;&#x644;&#x64A;&#x644; &#x648; &#x62F;&#x631;&#x627;&#x633;&#x629; ;; masadir al'adab w alnaqd earad w tahlil w dirasa /</subfield>
    <subfield code="c"> &#x623;&#x62D;&#x645;&#x62F; &#x64A;&#x648;&#x633;&#x641; &#x62E;&#x644;&#x64A;&#x641;&#x629; ;; Ahmed Youssef Khalifa </subfield>
  </datafield>
  <datafield tag="260" ind1=" " ind2=" ">
    <subfield code="a">&#x627;&#x644;&#x642;&#x627;&#x647;&#x631;&#x629; : Qahira :</subfield>
    <subfield code="b">&#x645;&#x643;&#x62A;&#x628;&#x629; &#x627;&#x644;&#x622;&#x62F;&#x627;&#x628;,;; maktabat aladab,</subfield>
    <subfield code="c">2005</subfield>
  </datafield>
  <datafield tag="300" ind1=" " ind2=" ">
    <subfield code="a">167 p. ;</subfield>
    <subfield code="c">22 cm</subfield>
  </datafield>
  <datafield tag="650" ind1=" " ind2=" ">
    <subfield code="a">Arabic poetry</subfield>
    <subfield code="9">249416</subfield>
  </datafield>
  <datafield tag="942" ind1=" " ind2=" ">
    <subfield code="2">ddc</subfield>
    <subfield code="c">BK</subfield>
  </datafield>
  <datafield tag="999" ind1=" " ind2=" ">
    <subfield code="c">78659</subfield>
    <subfield code="d">78659</subfield>
  </datafield>
  <datafield tag="952" ind1=" " ind2=" ">
    <subfield code="0">0</subfield>
    <subfield code="1">0</subfield>
    <subfield code="2">ddc</subfield>
    <subfield code="4">0</subfield>
    <subfield code="7">1</subfield>
    <subfield code="8">NFIC</subfield>
    <subfield code="a">RUCL</subfield>
    <subfield code="b">RUCL</subfield>
    <subfield code="c">Reading</subfield>
    <subfield code="d">2011-03-28</subfield>
    <subfield code="e">Paragon, Dhaka</subfield>
    <subfield code="g">4.35</subfield>
    <subfield code="l">0</subfield>
    <subfield code="o">A 892.71 KHM 2005</subfield>
    <subfield code="r">2021-10-27 00:00:00</subfield>
    <subfield code="t">C-1</subfield>
    <subfield code="w">2021-10-27</subfield>
    <subfield code="y">BK</subfield>
  </datafield>
</record>
